Missing Word: The Big (A-Z) Quiz Stats

 Plays Quiz Updated Aug 14, 2012

Challenge
Share
Tweet
Embed
Score 0/25 Timer 05:00
0 Plays Today
Big Hints Big Answers % Correct
Postulation regarding the early development of the universe, or a CBS sitcom about geeky physicists: “The Big _____ Theory”Bang
99.4%
New York City: “The Big _____Apple
99.1%
A cornerstone of the McDonald's fast food menu; it has ♫ two all-beef patties, special sauce, lettuce, cheese… ♫: “The Big ____Mac
92.9%
Constellation Ursa Major: “The Big ______Dipper
85.6%
MLB, NFL, NBA, and NHL -- these U.S. sports leagues are often called: “The Big ____Four
85.6%
People who fail to see the greater implications, or only focus on a specific aspect of a situation, fail to see: “The Big ________Picture
84.3%
Largest, and southeastern-most of Hawaii's water-surrounded land masses: “The Big ______Island
82.7%
What gamblers and lottery-ticket holders hope to hit, or win: “The Big _______Jackpot
82.2%
These are the people you 'call in' when you need to consult the real experts, or avail of some serious muscle (or artillery): “The Big _____Guns
81.7%
Prison, in American slang: “The Big ______House
81.4%
New Orleans: “The Big ____Easy
79.5%
Often, this gets wiggled during a recitation of 'This Little Piggy' to a toddler: “The Big ____Toe
78.9%
Title of a 1998 Jeff Bridges film, in which he and his bowling buddies are mixed up with a rich businessman, referred to as: “The Big _________Lebowski
72.3%
Big Hints Big Answers % Correct
This nickname was given to the powerhouse MLB team from Cincinnati of the 1970's (although it might also conjure an image of USSR as a world power): “The Big ____ Machine”Red
70.6%
This phrase has been used in conjunction with an anticipated mega-earthquake, a dreaded massive heart attack, or World War II: “The Big ____One
69.6%
The amusement ride named after G.W.G. Ferris, as known in the U.K.; or an important influential person: “The Big _____Wheel
67.6%
This outdoor 'ride' in Kentucky allows enthusiasts to overcome their fear of heights, by sliding across cables suspended between 2300 feet of treetops: “The Big ______Zipper
64.1%
This giant nine-metre (30 ft) replica of a 1951 Canadian 5-cent coin dominates a small hill in Sudbury, Ontario: “The Big ______Nickel
54.8%
U.K. entertainment programme in which TV Show cast members answer questions: “The Big ____Quiz
54.8%
Nickname for the very-tall Randy Johnson, one of the all-time great MLB pitchers; it could also refer to a large army detachment: “The Big ____Unit
53.9%
The second Bogart/Bacall film pairing, in 1946, is a euphemism for 'death': “The Big _____Sleep
50.8%
1983 film about college friends reuniting after 15 years due to a friend's suicide: “The Big ______Chill
42.5%
In this 2011 film, Steve Martin, Jack Black, and Owen Wilson engage in a four season bird-watching contest: “The Big ____Year
36.8%
This 60's TV Western starred Barbara Stanwyck, Lee Majors, and Linda Evans: “The Big ______Valley
33.9%
Title of a 1999 Kevin Spacey film, in which three trade show attendees attempt to land the account of a rich businessman, referred to as: “The Big _______Kahuna
30.1%

Today's Daily Dose

You're not logged in!

Compare scores with friends on all Sporcle quizzes.
Join for Free
OR
Log In

You Might Also Like...

Show Comments

Extras

Top Quizzes Today


Score Distribution

Your Account Isn't Verified!

In order to create a playlist on Sporcle, you need to verify the email address you used during registration. Go to your Sporcle Settings to finish the process.

Report this User

Report this user for behavior that violates our Community Guidelines.

Details: